000 00422nam a2200181Ia 4500
008 210210b2010 xxu||||| |||| 00| 0 eng d
020 _a9789380032870
041 _aeng
082 _a820.33 MOUP
100 _aMOUDGIL (Reema)
245 _aPerfect eight
260 _aChennai
_bNot Mentioned
_c2010
300 _a252
650 _aPerfect
650 _aeight
690 _aIndian English Fiction
906 _a064631
999 _c141525
_d141525